00297nam a2200097Ia 4500008004100000100003600041245004300077260002700120300000900147650004300156190216s9999||||xx |||||||||||||| ||und|| aDavid Mcclanahan & Rayowens 0aComplete Foxpro 2.5 Language Reference bBpb Publicationsc1993 a527p a"Computer Programming. Programs, Data"